000 01661nam0a2200361 i 4500
001 RU\NLR\BIBL_A\010300416
005 20241103114719.0
010 _a9785991635332
_9500
021 _aRU
_b2014-6089
_9379
035 _a(NILC)RuMoRGB-006742681
035 _a(NLR Aleph) 010300416
090 _a10590755
_c10590755
100 _a20140331d2014 um y0rusy50 ca
101 0 _arus
102 _aRU
105 _aa|||j||||01yy
200 1 _aУправление качеством. Всеобщий подход
_eучебник для академического бакалавриата
_eдля студентов высших учебных заведений, обучающихся по экономическим направлениям и специальностям
_e[академический курс]
_fС.Г. Васин
_gГос. ун-т упр.
210 _aМосква
_cЮрайт
_d2014
215 _a403, [1] с.
_cил.
_d21
225 1 _aУМО ВО рекомендует
225 1 _aУчебник
225 1 _aБакалавр
300 _aНа обороте тит. л. авт.: Васин С.Г., проф., к.э.н.
320 _aБиблиогр.: с. 402-404
606 _aКачество продукции
_jУчебники для высших учебных заведений
_xУправление
_91474335
_3RU\NLR\AUTH\66317705
686 1 _aУ5-823.2-21я73
686 1 _aУ9(2)-823.2-21я73
700 1 _aВасин
_bС. Г.
_gСергей Григорьевич
801 0 _aRU
_bРГБ
_c20140220
_gRCR
942 _cBOOK
980 _aNBR